Farm Animal Management / (Record no. 6801)
[ view plain ]
| 000 -LEADER | |
|---|---|
| fixed length control field | 00647nam a22002537a 4500 |
| 001 - CONTROL NUMBER | |
| JCCL Control Number | 6801 |
| 003 - CONTROL NUMBER IDENTIFIER | |
| JCCL marc code | BD-JhCC |
| 005 - DATE AND TIME OF LATEST TRANSACTION | |
| control field | 20180211185917.0 |
| 008 - FIXED-LENGTH DATA ELEMENTS--GENERAL INFORMATION | |
| fixed length control field | 180130b1979 xxua|||| |||| 00| 0 eng d |
| 020 ## - INTERNATIONAL STANDARD BOOK NUMBER | |
| International Standard Book Number | 0706904540 |
| 035 ## - SYSTEM CONTROL NUMBER | |
| system control number | (BD-JhCC)6801 |
| 040 ## - CATALOGING SOURCE | |
| Original cataloging agency | BD-JhCC |
| Modifying agency | BD-JhCC |
| 041 ## - LANGUAGE CODE | |
| Language code of Book | eng |
| 082 ## - DEWEY DECIMAL CLASSIFICATION NUMBER | |
| Classification number | 636 |
| Author mark and Year | SAS 1979 |
| 100 ## - MAIN ENTRY--PERSONAL NAME | |
| Personal name | Sastry, N R S |
| 245 ## - TITLE STATEMENT | |
| Title | Farm Animal Management / |
| Statement of responsibility, etc | N S R Sastry and C K Thomas |
| 260 ## - PUBLICATION, DISTRIBUTION, ETC. (IMPRINT) | |
| Place of publication, distribution, etc | New Delhi : |
| Name of publisher, distributor, etc | Vikash Publishing House, |
| Date of publication, distribution, etc | 1979. |
| 300 ## - PHYSICAL DESCRIPTION | |
| Pagination | 362 p. : |
| Other physical details | ill.; |
| Dimensions | 22 cm. |
| 650 ## - SUBJECT ADDED ENTRY--TOPICAL TERM | |
| Topical term or geographic name as entry element | Livestock |
| 650 ## - SUBJECT ADDED ENTRY--TOPICAL TERM | |
| Topical term or geographic name as entry element | Farm Management |
| 700 ## - ADDED ENTRY--PERSONAL NAME | |
| Personal name | Thomas, C K |
| 942 ## - ADDED ENTRY ELEMENTS (KOHA) | |
| Source of classification or shelving scheme | Dewey Decimal Classification |
| Koha item type | Books |
| Source of classification or shelving scheme | Damaged status | Not for loan | Home library | Current library | Date of accession | Cost, normal purchase price | Total Checkouts | Full call number | Barcode | Date last seen | Copy number | Koha item type |
|---|---|---|---|---|---|---|---|---|---|---|---|---|
| Dewey Decimal Classification | JCC Rouf Library | JCC Rouf Library | 01/30/2018 | 20.00 | 636 SAS 1979 | 8692 | 01/30/2018 | C-1 | Books |